000 00748nam a2200217 i 4500
001 136025
003 ES-MaACL
005 20230906195022.0
007 t|
008 070214s1917 sp c |||| | spa d
080 _a323.17(460.23)
100 1 _aRovira i Virgili, A.
_9100148
245 1 3 _aEl nacionalismo catalán
_b: su aspecto político, los hechos, las ideas y los hombres /
_cAntonio Rovira y Virgili.
260 _aBarcelona :
_bMinerva,
_c1917.
300 _a217 p. :
_b1 retr. autor ;
_c18 cm.
490 1 _aBiblioteca de cultura moderna y contemporánea
650 4 _aNacionalismo-
_xCataluña.
_915442
830 0 _aBiblioteca de cultura moderna y contemporánea
_9181123
852 _aES-MaACL
_jF-600
999 _c136025
_d136025